Towards socialism: (Record no. 84235)

MARC details
000 -LEADER
fixed length control field 00847cam a2200265 4500
001 - CONTROL NUMBER
control field sa 68011992
003 - CONTROL NUMBER IDENTIFIER
control field DLC
005 - DATE AND TIME OF LATEST TRANSACTION
control field 20260227112606.0
008 - FIXED-LENGTH DATA ELEMENTS--GENERAL INFORMATION
fixed length control field 691010s1966 ii 000 0 eng
010 ## - LIBRARY OF CONGRESS CONTROL NUMBER
LC control number sa 68011992
025 ## - OVERSEAS ACQUISITION NUMBER
Overseas acquisition number PL480:I-E-10461
040 ## - CATALOGING SOURCE
Original cataloging agency DLC
Transcribing agency DLC
Modifying agency DLC
050 00 - LIBRARY OF CONGRESS CALL NUMBER
Classification number JQ298.I5
Item number K25
082 00 - DEWEY DECIMAL CLASSIFICATION NUMBER
Classification number 329.9/54
100 1# - MAIN ENTRY--PERSONAL NAME
Personal name Kamaraj, K.,
Dates associated with a name 1903-1975.
245 10 - TITLE STATEMENT
Title Towards socialism:
Remainder of title a compilation.
Statement of responsibility, etc. [By] K. Kamaraj. Compiled by Amar Nath Vidyalankar [and] Harsh Dev Malaviya.
250 ## - EDITION STATEMENT
Edition statement [1st ed.]
260 ## - PUBLICATION, DISTRIBUTION, ETC.
Place of publication, distribution, etc. New Delhi,
Name of publisher, distributor, etc. Congress Forum for Socialist Action
Date of publication, distribution, etc. [1966]
300 ## - PHYSICAL DESCRIPTION
Extent 108 p.
Dimensions 22 cm.
350 ## - PRICE (NR) (BK AM CF MU VM SE) [OBSOLETE]
Price 3.00
610 20 - SUBJECT ADDED ENTRY--CORPORATE NAME
Corporate name or jurisdiction name as entry element Indian National Congress.
651 #0 - SUBJECT ADDED ENTRY--GEOGRAPHIC NAME
Geographic name India
General subdivision Politics and government
Chronological subdivision 1947-
700 1# - ADDED ENTRY--PERSONAL NAME
Personal name Vidyalankar, Amar Nath,
Relator term comp.
700 1# - ADDED ENTRY--PERSONAL NAME
Personal name Malaviya, H. D.
Fuller form of name (Harsh Dev),
Dates associated with a name 1917-
Relator term comp.

No items available.

Powered by Koha